Teriogenología i; orientaciones para trabajos prácticos de obstetricia y patología de la reproducción de los animales domésticos /
Guardado en:
| Autor Principal: | |
|---|---|
| Otros Autores: | , |
| Formato: | Libro |
| Publicado: |
Buenos Aires :
Hemisferio Sur,
1979
|
| Materias: | |
| Etiquetas: |
Agregar Etiqueta
Sin Etiquetas, Sea el primero en etiquetar este registro!
|
| LEADER | 02025nam a22002295a 4500 | ||
|---|---|---|---|
| 001 | CEM.cems017020 | ||
| 005 | 20020925164041.0 | ||
| 008 | 130507s1979##################000#0#####d | ||
| 003 | CEMS | ||
| 082 | 0 | 4 | |a 636.082 |
| 100 | 1 | |a Ostrowski, Jorge E. B. | |
| 245 | 1 | 0 | |a Teriogenología i; orientaciones para trabajos prácticos de obstetricia y patología de la reproducción de los animales domésticos / |c Jorge E. B. Ostrowski, Eduardo Lefebvre, Roberto Baigun |
| 260 | |a Buenos Aires : |b Hemisferio Sur, |c 1979 | ||
| 300 | |a 126 p. | ||
| 505 | 0 | |a Examen obstétrico -- Parto normal y con ayuda en vacas y yeguas -- Examen ginecológoco por vía rectal en la hembra bovina -- Diagnóstico de gestación por palpación rectal en la hembra bovina -- Examen ginecológico por vía rectal en la yegua -- Diagnóstico de gestación por palpación rectal en la yegua -- Vaginoscopía -- Cateterismo c´revico-uterino -- Examen andrológico en el toro -- Examen andrológico en el carnero -- Examen andrológico en el perro -- Examen andrológico en el padrillo equino -- Ejemplos de protocolos y certificados para machos -- Lavaje uretral y toma de muestras prepuciales en el toro -- Obtención de semen bovino -- Terminología espermatológica -- Espermatología -- Procesamiento de semen bovino para inseminación artificial -- Recomendaciones para el uso y cuidados del conservador a nitrógeno líquido -- Evaluación de la eficiencia reproductiva del rodeo bovino -- Manejo reproductivo del rodeo de cría -- Metodología par analizar un problema reproductivo en un rodeo de cría -- Manejo reproductivo de rodeos lecheros -- Análisis del manejo reproductivo de rodeos lecheros -- Manejo reproductivo en haras -- Manejo reproductivo de la majada | |
| 653 | |a Teriogenología | ||
| 653 | |a Rodeo de cría-reproducción | ||
| 653 | |a Equinos-reproducción | ||
| 653 | |a Animales domésticos-reproducción | ||
| 700 | 1 | |a Lefebvre, Eduardo | |
| 700 | 1 | |a Baigun, Roberto | |
| 859 | |a CEMS |b BIB. CEMS - Agricultura |h 636.082 |i T272 |p A0251.00 |t Ej.1 | ||
